000 00504nam a2200217Ia 4500
003 IT-RoPAU
008 120407s9999 xx 000 0 und d
040 _aIT-RoPAU
040 _cIT-RoPAU
041 _aita
100 _aPaul Claudel
245 _a"Credo in Dio. Trad. di G. Visentin. a cura di Agnès Du Serment. Pref. di P. Henri De Lubac."
250 _aTorino
260 _aSei
260 _c1964
300 _a383 p.
300 _c20 cm
490 _v1
942 _cBK
999 _c33804
_d33804